00426nam a22001337a 450000500170000000800410001704100130005808200120007110000120008324500940009526000480018930000290023765000260026620240718134550.0240718b |||||||| |||| 00| 0 eng d aEnglish  a349 SOU lEnglish aSouth African Law Reports :bwith which are amalgamated The All South Africa Law Reports  aCape Town : bJuta and Company Ltd, c1971  bxv, 911 pages; c26 cm.  aLegal practice bLaw